Izolacionizmus v americké zahraniční politice

Keď nastúpil Michail Gorbačov do funkcie generálneho tajomníka Komunistickej strany Sovietskeho zväzu a vyhlásil perestrojku a glasnosť, iba málokto predpokladal, že o niekoľko rokov neskôr padne sovietske impérium na kolená a pred USA sa otvorí možnosť stať sa hegemónom. Situácia však nebola taká j...

Ausführliche Beschreibung

Gespeichert in:
Bibliographische Detailangaben
1. Verfasser: Papež, Kamil
Format: Buchkapitel
Sprache:Tschechisch
Schlagworte:
Tags: Tag hinzufügen
Keine Tags, Fügen Sie das erste Tag hinzu!

MARC

LEADER 00000naa$a2200000$$$4500
001 0107989
005 20250506130623.2
041 0 |a cze 
044 |a CZ 
245 1 0 |a Izolacionizmus v americké zahraniční politice  |c Kamil Papež 
520 |a Keď nastúpil Michail Gorbačov do funkcie generálneho tajomníka Komunistickej strany Sovietskeho zväzu a vyhlásil perestrojku a glasnosť, iba málokto predpokladal, že o niekoľko rokov neskôr padne sovietske impérium na kolená a pred USA sa otvorí možnosť stať sa hegemónom. Situácia však nebola taká jednoznačná. Americká zahraničnopolitická tradícia a názory na jej smerovanie v hostórii oscilovali medzi tromi stranami triády izolacionizmus - imperializmus - internacionalizmus. Ukončením studenej vojny sa otvorila diskusia, kam má americká zahraničná politika smerovať. 
610 2 0 |a politika zahraničná 
610 2 0 |a politika medzinárodná 
610 2 0 |a vojny 
610 2 0 |a štát 
610 2 0 |a vláda 
610 2 0 |a prezidenti 
610 2 0 |a kapitalizmus 
610 2 0 |a USA 
100 1 |a Papež, Kamil